000 00481nam a22001937a 4500
003 MPLRDC
005 20220104124326.0
008 210129b ||||| |||| 00| 0 eng d
020 _a983-074-008-0
082 _a868.71 DLWC v.9
100 _a梦平
245 _a无根的花木
_c
250 _a初版
260 _a
_b雪兰莪乌鲁冷岳兴安会
_c1995
300 _b
490 _a德麟文丛. 第一辑. 9
650 _a马华文学
942 _cBK
_o868.71 DLWC v.9
999 _c18437
_d18427